000 00643nam a2200253Ia 4500
003 OSt
005 20220918190423.0
006 a|||||r|||| 00| 0
007 ta
008 220917b |||||||| |||| 00| 0 eng d
024 _a56,754
037 _cTextual
040 _aARTS
_cARTS
_beng
041 _2eng
_aeng
082 _aQ:34, M6
100 _aSwinburne Richard
_972461
245 0 _aEvolution of the soul
260 _aOxford
_bClarendon Press
_c1986
300 _avi,323p.
_ccm.
500 _aIncludes index
650 _aRELIGION
942 _hQ:34, M6
_cTEXL
_2CC
999 _c185013
_d185013